00841nam a2200229 a 450000100060000000300080000600500170001400800410003103500190007204000470009104100080013808200260014610000310017224500660020326000490026930000240031850400640034265000460040694200120045299900170046495201300048147001BD-RjUL20211209054238.0160806r19651964enk b 000 0 eng d a(BD-RjUL)47120 aDLCcCSUdSERdUKMdEQOdEQOdBD-RjULbeng aeng a370.942223bARF 19651 aArmytage, W. H. G.914315410aFour hundred years of English education /cby W.H.G. Armytage aCambridge [Eng.] :bUniversity press,c1965. aviii, 353 p.c23 cm aBibliographical references included in "Notes" (p. 270-324) 0aEducationzGreat BritainxHistory9133357 2ddccBK c47001d47001 00102ddc40708NFICaRUCLbRUCLcStackd1966-12-12eEuro-pakl0o370.942 ARF 1965r2016-08-06 00:00:00tC-2w2021-12-09yBK